01217nac a22003497a 4500001001000000003000900010005001700019008003400036040005400070072001300124090001900137100002100156100002000177100001500197100002500212100002000237100001900257100002200276110007800298245007300376260004200449300000900491490008600500500001200586650001300598650001300611650001400624909004700638942001700685999001900702952014600721BR9703415BR-BrBNA20240105121929.0230509b bl.|||m| |||| 00| 0 por d aBR-BrBNAbporcBiblioteca Nacional de Agricultura aF30; F06 a0332 BR97034151 aSantos, R.C. dos1 aBezerra, J.R.C.1 aRego, G.M.1 aMelo Filho, P. de A.1 aCampelo, M.T.B.1 aSousa, A.A. de1 aBarros Junior, G.1 aCentro Nacional de Pesquisa do Algodao, Campina Grande, PB (Brasil)917021 aAvaliacao de linhagens avancadas de amendoim sob condicoes irrigadas3 aCampina Grande, PB (Brasil): c1996.  a6 p. aPesquisa em Andamento - Centro Nacional de Pesquisa do Algodao (Brazil)vno. 35x a12 ref. aAmendoim aLinhagem aIrrigacao a202312bLúcia Elandec55dLúcia Elande 2AGRISn0cMS c288285d288285 002AGRIS40708Acervo Gerala41918b41918cAGROBASEl0o0332 BR9703415p0332 BR9703415r2023-12-18yMSePortaria Interministerial nº 164/94